000 00612cam a22002053a 4500
001 34827
003 PGUSA
005 20140828083742.0
008 110102s2011||||xxu|||||s|||||000 | eng d
040 _aPGUSA
_beng
042 _adc
100 1 _aSemmes, Raphael,
_d1809-1877
245 1 0 _aMemoirs of Service Afloat, During the War Between the States
_h[electronic resource] /
_cRaphael Semmes
260 _bProject Gutenberg,
_c2011
506 _aPublic domain in the USA.
516 _aElectronic text
830 0 _aProject Gutenberg
_v34827
856 4 0 _uhttp://www.gutenberg.org/ebooks/34827
942 _cEB
999 _c264082
_d264082